[Event "BELFORT YWCC GU14"]
[Site "BELFORT"]
[Date "????.??.??"]
[Round "6.9"]
[White "Le, Hoan Tran Chau"]
[Black "Anusca, Madalina-Maria"]
[Result "1-0"]
[WhiteElo "1599"]
[BlackElo "1999"]
[PlyCount "77"]

1. d4 Nf6 2. c4 e6 3. Nf3 b6 4. Bg5 Bb7 5. e3 Bb4+ 6. Nbd2 O-O 7. Be2 d6 8. O-O
Bxd2 9. Nxd2 h6 10. Bh4 Nbd7 11. Bf3 Bxf3 12. Qxf3 c5 13. Ne4 g5 14. Bg3 Nxe4
15. Qxe4 Nf6 16. Qc6 cxd4 17. Bxd6 Rc8 18. Qf3 Qxd6 19. Qxf6 Kh7 20. f4 g4 21.
exd4 Rxc4 22. Rad1 Qc6 23. Rf2 Qd7 24. f5 Rg8 25. fxe6 fxe6 26. Qe5 Rg5 27.
Qe4+ Kg7 28. Rdf1 Qxd4 29. Qxe6 g3 30. hxg3 Rxg3 31. Qe7+ Kh8 32. Kh2 Rg7 33.
Qf8+ Kh7 34. Qf5+ Kh8 35. Qf4 Qxf4+ 36. Rxf4 Rxf4 37. Rxf4 Rd7 38. Rf2 Rd3 39.
g3 1-0

 Kh3 Kg8 1-0